| 000 | 00343nam a2200133Ia 4500 | ||
|---|---|---|---|
| 005 | 20251222175928.0 | ||
| 008 | 251222s9999||||xx |||||||||||||| ||spa|| | ||
| 020 | _a968-16-6512-0 | ||
| 082 | _a341/R45 | ||
| 100 | _aReuter, Paul | ||
| 245 | 0 | _aIntroducción al Derecho de los Tratados | |
| 264 | _bFondo de Cultura Económica | ||
| 942 | _cLIB | ||
| 999 |
_c40909 _d40909 |
||